| 000 | 00332nam a2200109Ia 4500 | ||
|---|---|---|---|
| 008 | 200302s9999 xx 000 0 und d | ||
| 100 | _aVincent B Canizaro | ||
| 245 | _aArchitectural regionalism Collected writings on place identity ,modernity and tradition | ||
| 260 | _bPrinceton Architectural Press | ||
| 260 | _c2007 | ||
| 300 | _a463 | ||
| 999 |
_c7276 _d7276 |
||